000 00656nam a22001817a 4500
005 20231102124709.0
008 231102b |||||||| |||| 00| 0 eng d
020 _a0702135801
041 _aEnglish
082 _a346.6 HAH
100 _aPretorius, JT, Delport, PA, Havenga, M and Vermans, M
_lEnglish
245 _aHahlo's South African Company Law through the cases :
_bA source book /
_cJT Pretorius, PA Delport, M Havenga and M Vermans
250 _aFifth Edition
260 _aCape Town :
_bJuta and Company Ltd,
_c1991
300 _bliv, 765 pages ;
_c25 cm.
650 _aLegal practice
_bLaw
942 _cBK
_6ALISON_BN_VRIES
999 _c256
_d256